Otca šiestich malých detí zavraždili na ulici zaujímavosti z dobovej tlače

Bibliographic Details
Main Author: Ondrejšík, Tomáš, 1986- (Author)
Format: Article
Language:Slovak
PhysicalDescription:Fotografie
ISSN:1336-5320
Subjects:

MARC

LEADER 00000nab a2200000u 4500
001 vtls012224815
003 SK-MaSNL
005 20260304175822.0
008 230314|2023 xo ||||||| ||00 ||slo|
038 |a KEVKJB 
040 |a KEVKJB  |b slo  |e rda 
041 0 |a slo 
043 |a e-xo--- 
044 |a xo  |c SK 
072 7 |a 93/94  |x Dejiny (všeobecne)  |2 konspekt 
080 |a 93/94-027.541  |2 2011 
100 1 |a Ondrejšík, Tomáš,  |d 1986-  |4 aut  |9 364203 
245 1 0 |a Otca šiestich malých detí zavraždili na ulici  |b zaujímavosti z dobovej tlače  |c Tomáš Ondrejšík 
300 |b Fotografie 
336 |a text  |b txt  |2 rdacontent 
337 |a bez média  |b n  |2 rdamedia 
338 |a zväzok  |b nc  |2 rdacarrier 
648 7 |a 1923  |2 kevkjb  |9 354143 
650 0 7 |a regionálne dejiny  |2 SNKPH  |9 63645 
650 0 7 |a dobová tlač  |2 kevkjb  |9 835693 
650 0 7 |a dobové fotografie  |2 kevkjb  |9 873477 
651 7 |a Košice (Slovensko)  |2 SNKPHgeo  |9 18694 
773 0 |t Košický večer  |g Roč. 56, č. 10 (2023), s. 10  |x 1336-5320 
852 |a KEVKJB  |b KIS3GCP 
999 |c 3015309  |d 3017239